| 000 -LEADER |
| fixed length control field |
01115pab a2200157 454500 |
| 008 - FIXED-LENGTH DATA ELEMENTS--GENERAL INFORMATION |
| fixed length control field |
180718b2004 xxu||||| |||| 00| 0 eng d |
| 100 ## - MAIN ENTRY--PERSONAL NAME |
| Personal name |
Srinivasan, M.S. |
| 245 ## - TITLE STATEMENT |
| Title |
Business and the future: towards a new paradigm based on yoga |
| 260 ## - PUBLICATION, DISTRIBUTION, ETC. |
| Date of publication, distribution, etc. |
2004 |
| 300 ## - PHYSICAL DESCRIPTION |
| Extent |
p.53-61. |
| 362 ## - DATES OF PUBLICATION AND/OR SEQUENTIAL DESIGNATION |
| Dates of publication and/or sequential designation |
Jan-Jun |
| 520 ## - SUMMARY, ETC. |
| Summary, etc. |
Business is a representative institution of our times; it represents the spirit of our age. Modern business in general has displaced a remarkable ability to change. But the change yet to come will be something unprecedented. What is the nature of this change? What is the type of vision and strategy that will help business as a social institution, and the organizations that are part of it, to navigate this evolutionary transition successfully? Or, in other words, what is the nature of the paradigm shift needed to manage future change? These are the main questions business leaders and managers will be facing in the future. This article examines these questions in the light of Sri Aurobindo's vision. - Reproduced. |
| 650 ## - SUBJECT ADDED ENTRY--TOPICAL TERM |
| Topical term or geographic name entry element |
Enterprises |
| 773 ## - HOST ITEM ENTRY |
| Main entry heading |
Journal of Human Values |
| 909 ## - |
| -- |
60606 |